[Event "Titled Tue 1st Jul Late"]
[Site "chess.com INT"]
[Date "2025.07.01"]
[Round "1"]
[White "Shimanov, Aleksandr"]
[Black "Terkiewicz, Bruno"]
[Result "1-0"]
[WhiteTitle "GM"]
[BlackTitle "CM"]
[WhiteElo "2578"]
[BlackElo "2183"]
[WhiteFideId "4198603"]
[BlackFideId "21093245"]
[EventDate "2025.07.01"]

1. e4 c5 2. Nf3 d6 3. Nc3 a6 4. a4 Nf6 5. e5 dxe5 6. Nxe5 Nbd7 7. Nc4 e6 8. g3
Rb8 9. a5 Be7 10. d3 e5 11. Bg2 O-O 12. O-O Qc7 13. Re1 Re8 14. Bg5 h6 15. Bxf6
Bxf6 16. Nd5 Qd8 17. Qh5 Nf8 18. Nxe5 Be6 19. Nc4 Ng6 20. Ndb6 Qd4 21. Re4 Qd8
22. Rae1 Kh7 23. Rxe6 Rxe6 24. Rxe6 Nf4 25. Qxf7 Nxe6 26. Qxe6 Qe8 27. Qxe8 Rxe8
28. Bxb7 Re2 29. Bxa6 Rxc2 30. Bb7 Bd4 31. a6 Rxf2 32. Kh1 g5 33. g4 Rf1+ 34.
Kg2 Ra1 35. Nc8 h5 36. gxh5 g4 37. Kg3 Rg1+ 38. Kf4 Kh6 39. a7 Kxh5 40. a8=Q
Rf1+ 41. Ke4 Re1+ 42. Kd5 Re8 43. Qa4 Rd8+ 44. N8d6 Rf8 45. Qd7 Kh4 46. Qh7+ Kg5
47. Ne4+ Kf4 48. Qh6+ Kf3 49. Qxf8+ Kg2 50. Qf4 g3 51. Qxg3+ Kh1 52. Nf6 Bf2 53.
Ke6# 1-0

[Event "Titled Tue 1st Jul Late"]
[Site "chess.com INT"]
[Date "2025.07.01"]
[Round "1"]
[White "Goncharov, Vladimir"]
[Black "Livaic, Leon"]
[Result "0-1"]
[BlackTitle "GM"]
[WhiteElo "2077"]
[BlackElo "2550"]
[WhiteFideId "34162256"]
[BlackFideId "14531534"]
[EventDate "2025.07.01"]

1. d4 d6 2. e4 Nf6 3. Nc3 e5 4. dxe5 dxe5 5. Qxd8+ Kxd8 6. Bc4 Ke8 7. Nf3 Bd6 8.
Bg5 Nbd7 9. O-O-O a6 10. Rhe1 b5 11. Bb3 Bb7 12. Nd5 Nxd5 13. Bxd5 Bxd5 14. Rxd5
f6 15. Be3 Ke7 16. Red1 Rhd8 17. Nh4 g6 18. g3 Nf8 19. f4 Ne6 20. f5 Nf8 21. g4
g5 22. Nf3 Nd7 23. h4 h6 24. Rh1 Rh8 25. a3 Rag8 26. Kd2 c6 27. Rd3 Nc5 28. Bxc5
Bxc5 29. Kd1 Bf2 30. Rd2 Be3 31. Rdh2 Bf4 32. Rh3 Rd8+ 33. Ke2 gxh4 34. Rxh4 Rd6
35. Rd1 Rhd8 36. Rxd6 Kxd6 37. Rh1 Rg8 38. Rh4 a5 39. Kd3 a4 40. c4 Kc5 41. cxb5
cxb5 42. Kc3 Be3 43. b3 axb3 44. Kxb3 Rd8 45. Kc2 Ra8 46. Kb3 Bc1 47. Kc2 Bf4
48. Kb3 Ra4 49. g5 hxg5 50. Rh8 Rxe4 51. Rc8+ Kb6 52. Rc3 g4 53. Nh4 g3 0-1

[Event "Titled Tue 1st Jul Late"]
[Site "chess.com INT"]
[Date "2025.07.01"]
[Round "1"]
[White "McDonald, Jhustice-Dimonte"]
[Black "Wartiovaara, Oliver"]
[Result "1/2-1/2"]
[WhiteTitle "CM"]
[BlackTitle "FM"]
[WhiteElo "2032"]
[BlackElo "2323"]
[WhiteFideId "7402481"]
[BlackFideId "513024"]
[EventDate "2025.07.01"]

1. Nf3 Nf6 2. b3 g6 3. Bb2 Bg7 4. c4 O-O 5. d4 d5 6. Nbd2 a5 7. e3 c6 8. Bd3 Bg4
9. h3 Bxf3 10. Nxf3 e6 11. Ne5 Nbd7 12. f4 Nxe5 13. fxe5 Ne4 14. O-O Qg5 15. Rf4
f5 16. Bxe4 fxe4 17. Qg4 Qxg4 18. hxg4 a4 19. Ba3 Rxf4 20. exf4 Kf7 21. Kf2 axb3
22. axb3 Bf8 23. Bb2 Rxa1 24. Bxa1 Bb4 25. Ke3 h5 26. g5 Ke8 27. Bb2 Kd7 28. Bc1
b5 29. c5 Kc7 30. Bd2 Ba3 31. Bc3 Bc1+ 32. Bd2 Bb2 33. g3 Kb7 34. Be1 Ka6 35.
Bb4 Bc1+ 36. Bd2 Bxd2+ 37. Kxd2 Kb7 38. b4 Kc7 39. Ke3 Kd7 40. Kf2 Ke7 41. Ke3
Kf7 42. Kf2 Kg7 43. Ke3 Kg8 44. Kf2 Kf8 45. Ke3 Ke7 46. Kf2 Kf8 47. Ke3 Ke7 48.
Kf2 Kf8 1/2-1/2

[Event "Titled Tue 1st Jul Late"]
[Site "chess.com INT"]
[Date "2025.07.01"]
[Round "1"]
[White "Burovic, Rijad"]
[Black "Vargas Pereda, Jesus Manue"]
[Result "1-0"]
[WhiteTitle "IM"]
[BlackTitle "CM"]
[WhiteElo "2420"]
[BlackElo "1948"]
[WhiteFideId "14407701"]
[BlackFideId "5115710"]
[EventDate "2025.07.01"]

1. e4 c5 2. d3 Nc6 3. g3 g6 4. Bg2 Bg7 5. f4 d6 6. Nf3 h5 7. O-O Nh6 8. c3 Bd7
9. h3 Qc8 10. Kh2 Bf6 11. Be3 h4 12. Nxh4 Ng8 13. Qe1 Bxh4 14. gxh4 Nf6 15. Nd2
Qc7 16. d4 O-O-O 17. b4 Rdg8 18. bxc5 dxc5 19. e5 Nh5 20. d5 Nxe5 21. fxe5 Qxe5+
22. Kg1 b6 23. Rxf7 g5 24. Bxg5 Qxc3 25. Nf3 Qa3 26. Qxe7 Qa4 27. Re1 Re8 28.
Qd6 Rxe1+ 29. Nxe1 Qd4+ 30. Kh2 Qa4 31. Nf3 Rd8 32. Ne5 Qb5 33. Nxd7 Rxd7 34.
Rxd7 Qxd7 35. Qxd7+ Kxd7 36. Bf3 Ng7 37. Bf4 c4 38. Bg4+ Ke7 39. Be5 Ne8 40. Bf5
Nd6 41. Bc2 Nb5 42. h5 Na3 43. Be4 Nb5 44. h6 c3 45. h7 c2 46. Bxc2 1-0

[Event "Titled Tue 1st Jul Late"]
[Site "chess.com INT"]
[Date "2025.07.01"]
[Round "1"]
[White "Steinberg, Nitzan"]
[Black "Estrada Nieto, Julian"]
[Result "1-0"]
[WhiteTitle "GM"]
[BlackTitle "IM"]
[WhiteElo "2554"]
[BlackElo "2181"]
[WhiteFideId "2801795"]
[BlackFideId "5101018"]
[EventDate "2025.07.01"]

1. d4 d5 2. Nf3 Nf6 3. c4 dxc4 4. Nc3 a6 5. a4 Nc6 6. e3 Na5 7. Ne5 Be6 8. Be2
g6 9. O-O Bg7 10. f4 O-O 11. g4 c5 12. f5 gxf5 13. gxf5 Bd5 14. Nxd5 Qxd5 15.
Bf3 Qd6 16. Kh1 cxd4 17. exd4 Rac8 18. Rg1 Kh8 19. Rxg7 Kxg7 20. Qg1+ Kh8 21.
Bh6 Nh5 22. Bxf8 Rxf8 23. Bxh5 Qf6 24. Qg3 Qg7 25. Rg1 Qxg3 26. Rxg3 h6 27.
Nxf7+ Kh7 28. Ne5 b5 29. axb5 axb5 30. Ra3 Nb3 31. Ra7 Kg7 32. Bg6 Nxd4 33. Rb7
Nxf5 34. Bxf5 Rxf5 35. Rxb5 e6 36. Kg2 Rg5+ 37. Kf3 Rh5 38. Kg3 Rg5+ 39. Kf4
Rf5+ 40. Ke4 Rh5 41. Rb7+ Kg8 42. Nxc4 Rxh2 43. b4 Rh4+ 44. Kd3 h5 45. b5 Rh1
46. b6 h4 47. Rc7 Rb1 48. b7 h3 49. Rc8+ Kg7 50. b8=Q Rxb8 51. Rxb8 h2 52. Rb1 1-0

[Event "Titled Tue 1st Jul Late"]
[Site "chess.com INT"]
[Date "2025.07.01"]
[Round "1"]
[White "Cruz Mendez, Jean Marco"]
[Black "Yang, Larry"]
[Result "1-0"]
[WhiteTitle "FM"]
[WhiteElo "2222"]
[BlackElo "2017"]
[WhiteFideId "3526402"]
[BlackFideId "2637618"]
[EventDate "2025.07.01"]

1. d4 Nf6 2. Nf3 g6 3. e3 Bg7 4. Be2 O-O 5. O-O d6 6. b4 e5 7. Bb2 Nbd7 8. c4 c6
9. Nc3 e4 10. Nd2 d5 11. cxd5 cxd5 12. Qb3 Nb6 13. a4 Be6 14. a5 Nbd7 15. b5 Rc8
16. Rfc1 Re8 17. Ba3 g5 18. Bb4 Nf8 19. Rc2 Ng6 20. Rac1 Qd7 21. Na4 Rxc2 22.
Rxc2 Bg4 23. Bf1 Nh4 24. Qc3 Qf5 25. Rc1 Bh5 26. Bd6 Bf8 27. Bg3 Ng6 28. Qc7 Bg4
29. Qxb7 h5 30. h3 h4 31. Bc7 Bh5 32. b6 axb6 33. a6 g4 34. a7 g3 35. fxg3 hxg3
36. Bxg3 Qg5 37. Bf2 Bf3 38. a8=Q Rxa8 39. Qxa8 Kg7 40. Rc8 Bd6 41. Nxb6 Ng4 42.
hxg4 Qh6 43. Rg8+ Kh7 44. Nxf3 exf3 45. g3 Qg5 46. Qe8 Qxg4 47. Qxf7+ Kh6 48.
Rxg6+ Qxg6 49. Qxg6+ Kxg6 50. Bh3 Kg5 51. Nxd5 Kg6 52. Nf4+ Kg5 53. Nd3 Kh5 54.
Ne5 Kg5 55. Nxf3+ Kh5 56. Kg2 Bb8 57. Nd2 Kg5 58. Kf3 Kh5 59. e4 Bc7 60. Be3 Kg6
61. Bf4 Kh5 62. Bxc7 Kg6 63. d5 Kh5 64. d6 Kg6 65. d7 Kf7 66. d8=Q 1-0

[Event "Titled Tue 1st Jul Late"]
[Site "chess.com INT"]
[Date "2025.07.01"]
[Round "1"]
[White "Guha, Eshan"]
[Black "Abdurakhmonov, Mukhammadali"]
[Result "0-1"]
[BlackTitle "IM"]
[WhiteElo "2071"]
[BlackElo "2348"]
[WhiteFideId "30958628"]
[BlackFideId "14207346"]
[EventDate "2025.07.01"]

1. d4 d5 2. c4 c6 3. cxd5 cxd5 4. Bf4 Nc6 5. e3 Nf6 6. Nc3 a6 7. Bd3 Bg4 8. Nge2
e6 9. O-O Bd6 10. f3 Bh5 11. Rc1 O-O 12. Na4 e5 13. dxe5 Nxe5 14. Bb1 b5 15.
Nac3 Nc4 16. Nxd5 Bxf4 17. Nexf4 Nxd5 18. Nxd5 Nxb2 19. Qc2 Bg6 20. Qxb2 Qxd5
21. Bxg6 hxg6 22. Rfd1 Qe6 23. Kf2 Rfc8 24. Qb3 Qe7 25. Qd3 Rxc1 26. Rxc1 Rd8
27. Qc3 Qe6 28. a3 Kh7 29. Rc2 Rd1 30. Rd2 Rh1 31. h3 Qe7 32. Qb4 Qg5 33. Rd4
Rc1 34. Rh4+ Kg8 35. Rg4 Rc2+ 36. Kg3 Qxe3 37. Qd6 Qf2+ 38. Kf4 Rc4+ 39. Kg5
Qe3+ 40. Kh4 g5+ 41. Kg3 Qe1+ 42. Kh2 Rxg4 43. hxg4 Qh4+ 44. Kg1 Qh6 45. Qd8+
Kh7 46. Qd3+ Qg6 47. Qc3 Qb6+ 48. Kh2 a5 49. Qe5 Kh6 50. Qe8 b4 51. Qe5 bxa3 52.
f4 Qd8 53. fxg5+ Qxg5 54. Qe8 Qxg4 55. Qh8+ Kg6 56. Qa8 Qf4+ 57. Kg1 a2 58. Qa6+
Qf6 59. Qxa5 a1=Q+ 0-1

[Event "Titled Tue 1st Jul Late"]
[Site "chess.com INT"]
[Date "2025.07.01"]
[Round "1"]
[White "Mardov, Dimitar"]
[Black "Urbina Perez, Juan Antonio"]
[Result "1/2-1/2"]
[WhiteTitle "IM"]
[BlackTitle "FM"]
[WhiteElo "2506"]
[BlackElo "2221"]
[WhiteFideId "30919495"]
[BlackFideId "2217368"]
[EventDate "2025.07.01"]

1. Nf3 d5 2. e3 Nf6 3. b3 g6 4. Bb2 Bg7 5. g3 O-O 6. Bg2 e6 7. O-O Nbd7 8. c4 c5
9. cxd5 Nxd5 10. Bxg7 Kxg7 11. Qc1 Qf6 12. Na3 b6 13. Nc4 Ba6 14. a3 Rac8 15.
Qc2 Rfd8 16. h4 Ne7 17. Rfd1 Bxc4 18. bxc4 Ne5 19. Nxe5 Qxe5 20. d3 Rc7 21. Ra2
Rcd7 22. Qb3 Nf5 23. a4 Nxe3 24. fxe3 Qxe3+ 25. Kh2 Rxd3 26. Rxd3 Rxd3 27. Qb2+
Kg8 28. Qf2 Qxf2 29. Rxf2 Rc3 30. Rf4 Rc2 31. Kh3 e5 32. Rf1 Kg7 33. Bd5 f5 34.
a5 Rb2 35. axb6 axb6 36. Ra1 e4 37. Ra7+ Kf6 38. Rxh7 e3 39. Rf7+ Ke5 40. Re7+
Kd4 41. g4 fxg4+ 42. Kxg4 e2 43. Kf3 Kd3 44. Re3+ Kd4 45. Re8 b5 46. Bf7 bxc4
47. Re4+ Kc3 48. Re3+ Kd4 49. Re4+ Kc3 50. Rxe2 Rxe2 51. Kxe2 Kd4 52. Bxg6 Ke5
53. h5 Kf6 54. Kd2 c3+ 55. Kxc3 c4 56. Kxc4 Kg7 57. Kd4 Kh8 58. Ke4 Kg8 59. Kf4
Kh8 60. Kg4 Kg8 61. Kh4 Kh8 62. Kg5 Kg8 63. h6 Kh8 64. Bf5 Kg8 65. Bg4 Kh8 66.
Bh3 Kg8 67. Bg2 Kh8 68. Bf1 Kg8 69. Be2 Kh8 70. Kg6 Kg8 71. Bf3 Kh8 72. Bg4 Kg8
73. Bh5 Kh8 74. Kf6 Kg8 75. Bg6 Kh8 76. Kg5 Kg8 77. h7+ Kh8 78. Kh5 Kg7 79.
h8=Q+ Kxh8 1/2-1/2

[Event "Titled Tue 1st Jul Late"]
[Site "chess.com INT"]
[Date "2025.07.01"]
[Round "1"]
[White "Gasparyan, Erik R."]
[Black "Colville, Julian"]
[Result "1-0"]
[WhiteTitle "IM"]
[BlackTitle "FM"]
[WhiteElo "2372"]
[BlackElo "2268"]
[WhiteFideId "13315730"]
[BlackFideId "30963273"]
[EventDate "2025.07.01"]

1. Nf3 d5 2. g3 c5 3. Bg2 g6 4. O-O Bg7 5. d4 cxd4 6. Nxd4 e5 7. Nb3 Ne7 8. Nc3
d4 9. Ne4 f5 10. Nec5 Nbc6 11. e3 b6 12. exd4 bxc5 13. d5 Ba6 14. dxc6 Bxf1 15.
Qxf1 O-O 16. Qc4+ Kh8 17. Be3 Qc7 18. Nxc5 Rf6 19. Na6 Qc8 20. Bg5 Rxc6 21. Bxc6
Qxc6 22. Qxc6 Nxc6 23. c3 e4 24. Rd1 h6 25. Be3 Ne5 26. Kg2 Nc4 27. Bc1 Re8 28.
Nc7 Rc8 29. Ne6 Bf6 30. b3 Nb6 31. c4 g5 32. Be3 Kg8 33. Nd4 Bxd4 34. Rxd4 Kf7
35. Rd6 Kg7 36. Bxb6 axb6 37. Rxb6 Rd8 38. c5 Rd2 39. a4 e3 40. Kf3 e2 41. Re6
g4+ 42. Kg2 Kf7 43. Re3 Rc2 44. b4 Kf6 45. a5 h5 46. a6 h4 47. h3 gxh3+ 48. Kxh3
hxg3 49. fxg3 Kg5 50. a7 Ra2 51. Rxe2 Rxa7 52. c6 Rh7+ 53. Kg2 Ra7 54. Rc2 f4
55. gxf4+ Kxf4 56. c7 Ra3 57. c8=Q Rg3+ 58. Kf2 Rf3+ 59. Ke2 Re3+ 60. Kd2 Re5
61. Rc4+ Kf3 62. Qg4+ Kf2 63. Rf4# 1-0

[Event "Titled Tue 1st Jul Late"]
[Site "chess.com INT"]
[Date "2025.07.01"]
[Round "1"]
[White "Plichta, Kamil"]
[Black "Ferrara, Enzo"]
[Result "1-0"]
[WhiteTitle "FM"]
[WhiteElo "2361"]
[BlackElo "2138"]
[WhiteFideId "1141830"]
[BlackFideId "137731"]
[EventDate "2025.07.01"]

1. Nf3 f6 2. e4 Nc6 3. d4 g6 4. h4 Bg7 5. a3 e5 6. Bc4 Nxd4 7. Nxd4 exd4 8. h5
Qe7 9. Nd2 Nh6 10. Qf3 Nf7 11. Bb3 g5 12. Qe2 h6 13. Nf3 c5 14. Bd2 d6 15. c3
dxc3 16. Bxc3 Be6 17. Bxe6 Qxe6 18. O-O-O O-O 19. Qd3 Rfe8 20. Nd2 a6 21. g3 b5
22. f4 Rab8 23. f5 Qa2 24. Qb1 Qxb1+ 25. Kxb1 Ne5 26. Rhe1 Nd3 27. Re3 c4 28.
Kc2 d5 29. Bd4 Kf7 30. exd5 Rxe3 31. Bxe3 Rd8 32. b3 Ne5 33. bxc4 bxc4 34. Ne4
Bf8 35. d6 Nc6 36. Kc3 Rd7 37. Kxc4 Ne5+ 38. Kd5 Ke8 39. Bc5 Rb7 40. Nxf6+ Kf7
41. Kxe5 Bg7 42. d7 Bxf6+ 43. Ke4 Bd8 44. g4 Rb3 45. Rd3 Rb1 46. Kd5 Rc1 47. Kc6
Rc4 48. Rd4 Rc3 49. a4 Rb3 50. Rc4 Kf6 51. Bd6 Rb2 52. Bc7 1-0

[Event "Titled Tue 1st Jul Late"]
[Site "chess.com INT"]
[Date "2025.07.01"]
[Round "1"]
[White "Mecit, Emre"]
[Black "Arslanov, Shamil"]
[Result "0-1"]
[BlackTitle "IM"]
[WhiteElo "2007"]
[BlackElo "2410"]
[WhiteFideId "6304214"]
[BlackFideId "4192826"]
[EventDate "2025.07.01"]

1. Nf3 d6 2. g3 e5 3. d3 f5 4. Bg2 Nf6 5. O-O Be7 6. c3 O-O 7. e4 fxe4 8. dxe4
a5 9. Qc2 Qe8 10. Ng5 Kh8 11. f4 exf4 12. Bxf4 Nc6 13. Nd2 Ng4 14. h3 Rxf4 15.
gxf4 Ne3 16. Qd3 Nxf1 17. Rxf1 Bxg5 18. fxg5 Ne5 19. Qg3 Bd7 20. Nb3 c5 21. Rd1
Qe7 22. Nd2 Bc6 23. Nf3 Nc4 24. g6 Qxe4 25. Re1 Qxg6 26. Qxg6 hxg6 27. b3 Bxf3
28. Bxf3 Ne5 29. Bxb7 Rf8 30. Kg2 Rf6 31. Re4 Nd3 32. Kg3 Kh7 33. Bd5 g5 34. Re8
g6 35. Re7+ Kh8 36. Re8+ Kg7 37. Re3 Nf4 38. Bf3 Re6 39. Rxe6 Nxe6 40. Bd5 Nf4
41. Be4 Ne2+ 42. Kf2 Nxc3 43. Bc6 Nxa2 44. Ke3 Nb4 45. Bd7 Kf6 46. Ke4 d5+ 47.
Ke3 Ke5 48. Bb5 d4+ 49. Kf3 Nd5 50. Bc4 Nf4 51. Kg4 d3 52. Bxd3 Nxd3 53. Kxg5
Nf4 54. h4 Ke4 55. Kf6 c4 56. bxc4 a4 57. c5 a3 58. c6 a2 59. h5 gxh5 60. c7
Nd5+ 0-1

[Event "Titled Tue 1st Jul Late"]
[Site "chess.com INT"]
[Date "2025.07.01"]
[Round "1"]
[White "Yazici, Ugur Doga"]
[Black "Rosen, Eric"]
[Result "0-1"]
[WhiteTitle "CM"]
[BlackTitle "IM"]
[WhiteElo "2161"]
[BlackElo "2377"]
[WhiteFideId "6363342"]
[BlackFideId "2032562"]
[EventDate "2025.07.01"]

1. e4 e6 2. d4 d5 3. Nc3 Nf6 4. e5 Ng8 5. f4 c5 6. Nf3 Nh6 7. Be3 Nf5 8. Bf2
cxd4 9. Nxd4 Nxd4 10. Bxd4 Nc6 11. Bb5 Bd7 12. Bf2 Bb4 13. Qf3 Nxe5 14. Bxd7+
Nxd7 15. O-O O-O 16. Ne2 Rc8 17. c3 Bc5 18. Nd4 Nf6 19. Kh1 Ne4 20. Be3 Qf6 21.
Rad1 a6 22. a3 b5 23. f5 Bxd4 24. Bxd4 e5 25. Bg1 Rfd8 26. Be3 h6 27. Qe2 Qh4
28. Kg1 Nf6 29. Bf2 Qe4 30. Rfe1 Qxe2 31. Rxe2 Ne4 32. Bb6 Rd6 33. Rxe4 Rxb6 34.
Rxe5 a5 35. Rexd5 b4 36. Rd8+ Rxd8 37. Rxd8+ Kh7 38. cxb4 axb4 39. a4 b3 40. Rd3
Rb4 41. a5 Ra4 42. Rxb3 Rxa5 43. g4 h5 44. h3 hxg4 45. hxg4 Ra4 46. Rg3 Kh6 47.
g5+ Kh5 48. b3 Rb4 49. Kg2 Rb5 50. f6 g6 51. Kf2 Kh4 52. Rg1 Rxb3 53. Ke2 Kh5
54. Rg2 Kh4 55. Rg1 Rg3 56. Rh1+ Kxg5 57. Kf2 Ra3 58. Rd1 Kxf6 59. Kg1 Kg7 60.
Rf1 Ra2 0-1

[Event "Titled Tue 1st Jul Late"]
[Site "chess.com INT"]
[Date "2025.07.01"]
[Round "1"]
[White "Vlassov, Nikolai"]
[Black "Casadio, Niccolo'"]
[Result "0-1"]
[WhiteTitle "IM"]
[BlackTitle "FM"]
[WhiteElo "2291"]
[BlackElo "2249"]
[WhiteFideId "4103360"]
[BlackFideId "2827951"]
[EventDate "2025.07.01"]

1. e4 e5 2. Bc4 Nf6 3. d3 d5 4. exd5 Nxd5 5. Nf3 Nc6 6. O-O Nb6 7. Bb5 Bd6 8.
Re1 f6 9. Nc3 O-O 10. Bxc6 bxc6 11. h3 Nd5 12. Ne4 Rb8 13. a3 a5 14. c4 Nf4 15.
Bxf4 exf4 16. c5 Be7 17. Qc2 Bf5 18. Rad1 Re8 19. Qc4+ Qd5 20. Nd4 Qxc4 21. dxc4
Bxe4 22. Rxe4 Bxc5 23. Rxe8+ Rxe8 24. Nxc6 Re2 25. b4 axb4 26. axb4 Bxf2+ 27.
Kf1 Rc2 28. c5 Be3 29. Rd8+ Kf7 30. Rd7+ Ke6 31. Rxc7 Rf2+ 32. Ke1 Rxg2 33. Nd8+
Kf5 34. Re7 Rb2 35. c6 Rxb4 36. Nf7 Rb1+ 37. Ke2 Rb2+ 38. Kd3 Bb6 39. Nd6+ Kg6
40. Ne8 f3 41. Rxg7+ Kf5 42. Nd6+ Ke6 43. Ne4 f5 44. Ng5+ Kf6 45. c7 Bxc7 46.
Rxc7 Kxg5 47. Ke3 f2 48. Rc1 Kh4 49. Kf3 h6 50. Rf1 h5 51. Rh1 Ra2 52. Rf1 Kg5
53. Rh1 h4 54. Rf1 Ra3+ 55. Kg2 Rg3+ 56. Kxf2 Rxh3 57. Ra1 Rb3 58. Kg2 Kg4 59.
Kh2 Rb2+ 60. Kh1 f4 61. Ra7 Rb1+ 62. Kh2 Rb2+ 63. Kh1 h3 0-1

[Event "Titled Tue 1st Jul Late"]
[Site "chess.com INT"]
[Date "2025.07.01"]
[Round "1"]
[White "Azamikia, Mehran"]
[Black "Pakleza, Zbigniew"]
[Result "0-1"]
[WhiteTitle "CM"]
[BlackTitle "GM"]
[WhiteElo "2130"]
[BlackElo "2484"]
[WhiteFideId "12502502"]
[BlackFideId "1119290"]
[EventDate "2025.07.01"]

1. d4 d6 2. e4 Nf6 3. Nc3 c6 4. Nf3 Bg4 5. Be2 e6 6. Nd2 Bxe2 7. Qxe2 d5 8. e5
Nfd7 9. f4 c5 10. Nf3 Nc6 11. Be3 cxd4 12. Nxd4 Bc5 13. O-O-O Rc8 14. h4 Qa5 15.
Ndb5 O-O 16. Bxc5 Nxc5 17. Nd6 d4 18. Nb1 Qxa2 19. Nxc8 Rxc8 20. Rh3 d3 21.
Rhxd3 Nxd3+ 22. Qxd3 h6 23. Qa3 Qc4 24. Qe3 Nb4 25. Nc3 b5 26. Kb1 Nxc2 27. Kxc2
b4 28. Qd4 bxc3 29. Qxc4 Rxc4 30. g3 cxb2+ 31. Kxb2 a5 32. Rd8+ Kh7 33. h5 g6
34. Rd7 Kg7 35. hxg6 Kxg6 36. Ra7 a4 37. Ra8 Re4 38. Rg8+ Kh7 39. Rg4 Re3 40.
Ka2 a3 41. Kb1 Re2 42. Ka1 Rg2 43. Kb1 a2+ 44. Ka1 Rh2 45. f5 exf5 46. Rf4 Kg6
47. g4 fxg4 48. Rxg4+ Kf5 49. Rg6 fxg6 50. e6 Rh1+ 51. Kxa2 Kxe6 52. Kb3 Rh5 53.
Kc3 Rf5 54. Kd3 h5 55. Ke3 h4 0-1

[Event "Titled Tue 1st Jul Late"]
[Site "chess.com INT"]
[Date "2025.07.01"]
[Round "1"]
[White "Zeliantsova, Kseniya"]
[Black "Gabrielian, Artur"]
[Result "1-0"]
[WhiteTitle "WFM"]
[BlackTitle "GM"]
[WhiteElo "2062"]
[BlackElo "2419"]
[WhiteFideId "13512617"]
[BlackFideId "4131002"]
[EventDate "2025.07.01"]

1. e4 c5 2. Nf3 d6 3. Bb5+ Bd7 4. Bxd7+ Qxd7 5. O-O Nc6 6. c3 d5 7. e5 e6 8. d4
Rc8 9. Be3 Nge7 10. dxc5 Nf5 11. Bd4 Be7 12. Na3 a6 13. Nc2 h5 14. Ne3 Nfxd4 15.
cxd4 g5 16. Ne1 f6 17. exf6 Bxf6 18. N1c2 g4 19. Re1 O-O 20. Qd3 Qg7 21. Rad1
Rf7 22. Nf1 Re8 23. Ng3 Qg5 24. Nf5 Rd7 25. Nd6 Ree7 26. b4 h4 27. a4 Nd8 28. b5
axb5 29. axb5 h3 30. Re3 hxg2 31. Rg3 Rg7 32. Ne3 Qh5 33. Qe2 Nf7 34. Ne8 Rg6
35. Nxf6+ Rxf6 36. Nxg4 Kf8 37. c6 bxc6 38. bxc6 Rc7 39. Qb5 Rc8 40. Nxf6 Qxd1+
41. Kxg2 Qxd4 42. Nh7+ Ke7 43. Qb7+ Kd6 44. Qd7+ Kc5 45. Qxc8 Qe4+ 46. Kg1 Qe1+
47. Kg2 Qe4+ 48. f3 Qe2+ 49. Kh3 Qf1+ 50. Kh4 Qf2 51. Qxe6 Qxh2+ 52. Qh3 Qf2 53.
c7 Kd4 54. Qg4+ Ke3 55. c8=Q Kd2 56. Qf4+ Kd3 57. Qcc1 Ne5 58. Qxe5 Qh2+ 59. Rh3
Qxe5 60. f4+ 1-0

[Event "Titled Tue 1st Jul Late"]
[Site "chess.com INT"]
[Date "2025.07.01"]
[Round "1"]
[White "Bacrot, Etienne"]
[Black "Donoso Aguirre, Maximiliano"]
[Result "1-0"]
[WhiteTitle "GM"]
[BlackTitle "CM"]
[WhiteElo "2633"]
[BlackElo "2050"]
[WhiteFideId "605506"]
[BlackFideId "3458920"]
[EventDate "2025.07.01"]

1. e4 e5 2. Nf3 Nc6 3. Bb5 a6 4. Ba4 Nf6 5. O-O Be7 6. Re1 b5 7. Bb3 d6 8. c3
O-O 9. d4 Bg4 10. Be3 exd4 11. cxd4 Na5 12. Bc2 c5 13. Nbd2 Rc8 14. h3 Bh5 15.
Rc1 Bg6 16. d5 Re8 17. b3 Bf8 18. Bg5 h6 19. Bh4 Be7 20. Bg3 c4 21. b4 c3 22.
bxa5 cxd2 23. Qxd2 Rc4 24. e5 dxe5 25. Bxg6 Bb4 26. Qb2 fxg6 27. Rxc4 Bxe1 28.
Rc6 Bxa5 29. Rxa6 Bc7 30. Qxb5 Qxd5 31. Qxd5+ Nxd5 32. Nd2 Nf4 33. Ne4 Rd8 34.
Rc6 Ne2+ 35. Kh2 Nxg3 36. Kxg3 Ba5 37. Rxg6 Rd3+ 38. f3 Ra3 39. Re6 Be1+ 40. Kh2
Rxa2 41. Rxe5 Bh4 42. f4 Bf6 43. Rd5 Re2 44. Nxf6+ gxf6 45. Kg3 Kg7 46. Kf3 Ra2
47. Rd7+ Kg6 48. Rb7 h5 49. Kg3 Ra3+ 50. Kh4 Ra4 51. g3 Ra5 52. Rb6 Rc5 53. g4
hxg4 54. hxg4 Ra5 55. g5 Rf5 56. Kg4 Ra5 57. Rxf6+ Kg7 58. Rc6 Ra1 59. Kf5 Rd1
60. Rc7+ Kg8 61. Kg6 Rd6+ 62. Kh5 Kh8 63. f5 Kg8 64. f6 Rd5 65. Kg6 Rd6 66. Rc8+
Rd8 67. Rxd8# 1-0

[Event "Titled Tue 1st Jul Late"]
[Site "chess.com INT"]
[Date "2025.07.01"]
[Round "1"]
[White "Wu, Derek"]
[Black "Milare, Tyron"]
[Result "0-1"]
[WhiteTitle "FM"]
[BlackTitle "FM"]
[WhiteElo "2232"]
[BlackElo "2248"]
[WhiteFideId "30914558"]
[BlackFideId "12987018"]
[EventDate "2025.07.01"]

1. d4 d5 2. c4 c6 3. Nf3 Nf6 4. g3 g6 5. Bg2 Bg7 6. O-O O-O 7. a4 dxc4 8. Na3
Be6 9. Ng5 Bd5 10. e4 h6 11. exd5 hxg5 12. dxc6 Nxc6 13. Nxc4 Qxd4 14. Qb3 g4
15. Rd1 Qc5 16. Be3 Qb4 17. Qxb4 Nxb4 18. Bxb7 Rab8 19. Na5 Nc2 20. Bxa7 Nxa1
21. Bxb8 Rxb8 22. Rxa1 Ne8 23. Re1 e6 24. Re2 Nd6 25. Bc6 Bxb2 26. Rd2 Bc3 27.
Rxd6 Bxa5 28. Rd4 Rb1+ 29. Kg2 e5 30. Rxg4 Rb2 31. Re4 f6 32. Bb5 Bb6 33. Be2
Bd4 34. f4 f5 35. Rxd4 exd4 36. Kf3 Rb3+ 37. Kf2 Rb2 38. Kf3 Rb3+ 39. Kf2 d3 40.
Bd1 Rb1 41. Ke1 Ra1 42. Kd2 Kg7 43. Bb3 Ra3 44. Bd1 Ra2+ 45. Kxd3 Rxh2 46. Bb3
Rg2 47. a5 Rxg3+ 48. Kc4 Rf3 49. a6 Rxf4+ 50. Kc5 Rf3 51. Ba4 Rc3+ 52. Kb6 Rc8
53. Kb7 Rf8 54. a7 Rf7+ 55. Kb8 Rxa7 56. Kxa7 Kf6 57. Kb6 Ke5 58. Kc5 Ke4 59.
Kc4 Ke3 60. Kd5 f4 61. Bb5 g5 62. Ke5 g4 63. Kf5 g3 64. Kg4 g2 0-1

[Event "Titled Tue 1st Jul Late"]
[Site "chess.com INT"]
[Date "2025.07.01"]
[Round "1"]
[White "Klys, Kacper"]
[Black "Svane, Rasmus"]
[Result "0-1"]
[WhiteTitle "CM"]
[BlackTitle "GM"]
[WhiteElo "2218"]
[BlackElo "2626"]
[WhiteFideId "21005281"]
[BlackFideId "4657101"]
[EventDate "2025.07.01"]

1. e4 c6 2. Nf3 d5 3. Nc3 dxe4 4. Nxe4 Nf6 5. Qe2 Nxe4 6. Qxe4 Qa5 7. b4 Qd5 8.
Qe3 Bf5 9. c4 Qe4 10. Be2 Qxe3 11. fxe3 e6 12. b5 a6 13. Nd4 axb5 14. Nxf5 exf5
15. cxb5 Ba3 16. O-O g6 17. Rb1 Ke7 18. Bb2 Bxb2 19. Rxb2 Nd7 20. d4 Ra3 21. Kf2
Rha8 22. bxc6 bxc6 23. Bc4 R8a7 24. Bb3 Nf6 25. Rc2 Kd6 26. Rfc1 Rc7 27. Kf3 Ra5
28. Rc5 Rxc5 29. Rxc5 h5 30. h3 h4 31. Rc2 Ne4 32. Rc1 Re7 33. Bc2 Nd2+ 34. Kf2
Ra7 35. Rd1 Ne4+ 36. Bxe4 Rxa2+ 37. Kf3 fxe4+ 38. Kxe4 Rxg2 39. Rf1 f5+ 40. Kf4
Ke6 41. Rc1 g5+ 42. Kf3 Rg3+ 43. Kf2 Kd6 44. Rc5 Rxh3 45. Rxf5 g4 46. Rg5 Rh2+
47. Kg1 g3 48. e4 Rd2 49. Rg6+ Kd7 50. Rg4 Rxd4 51. Rxh4 Rd3 52. Rh6 c5 53. Kg2
c4 54. Rh5 Kd6 55. Rh8 c3 56. Rc8 Ke5 57. Rc4 Kf4 58. e5+ Kxe5 59. Rc8 Kd4 60.
Kf1 Rd2 61. Rg8 g2+ 62. Rxg2 0-1